000 01730nam a2200421 i 4500
001 000004289
003 DO-SdBNP
005 20250621074004.0
007 ta
008 090721s1993 dr a 000 0 spa d
040 _aDO-SdBNP
_bspa
_cBNPHU
_erda
082 4 _a306.364
_bC827e
_222
100 1 _aCorten, André,
_912665
_eautor
245 1 3 _aEl Estado débil :
_bHaití y República Dominicana /
_cAndré Corten ; traducción, Cecilia Millán ; revisión de traducción, Pilar Espaillat.
250 _aedición ampliada y actalizada
264 _aSanto Domingo :
_bTaller,
_c1993.
300 _a316 páginas ;
_c24 cm.
336 _2rdacontent
_atexto
_btxt
337 _2rdamedia
_asin mediación
_bn
338 _2rdacarrier
_avolumen
_bnc
490 _aBiblioteca Taller
_v290
500 _aIncluye referencias bibliográficas y notas al pie de las páginas
504 _aBibliografía : p. 299-316)
534 _aTítulo oroginal en francés : L´etat faible. Haïti et République Dominicaine.
590 _aInventariado, 2024/BT
650 4 _aAgricultura
_xAspectos económicos
_zRepública Dominicana
_91508
650 4 _aAgricultura
_xAspectos económicos
_zHaiti
_912668
651 4 _aRepública Dominicana
_xRelaciones exteriores
_zHaití
_92233
651 4 _aHaití
_xRelaciones exteriores
_zRepública Dominicana
_92234
651 4 _aHaití
_xCondiciones sociales
_912666
651 4 _aRepública Dominicana
_xCondiciones sociales
_946
651 0 _aRepública Dominicana
_xPolítica y gobierno
_945
651 4 _aHaiti
_xPolítica y gobierno
_912667
700 1 _aMillán, Cecilia,
_etraducción
_912669
700 1 _aEspaillat, Pilar
_912670
_erevisión
910 _aControl de calidad. MFF
942 _2ddc
_cLBS1
999 _c4098
_d4098